000 00221nam a2200085Ia 4500
245 0 _aDILBERT AND THE DODO
100 _a ROBERTSON, K. Hove, 1977
_9101381
942 _cBK
008 210818s9999 xx 000 0 und d
999 _c438292
_d438291